000 00336nam a2200145Ia 4500
008 230312s9999||||xx |||||||||||||| ||und||
020 _a0-470-94470-7
082 _a658.406
_bWEB-D
100 _aJohnson;Dave
245 0 _aDigital Camera
260 _bWiley
_aUSA
_c2011
300 _a270
650 _aComputer
_vComputer
942 _cBK
999 _c15360
_d15360